| 000 | 00770nam a2200205 a 4500 | ||
|---|---|---|---|
| 005 | 20230524063533.0 | ||
| 008 | 991125s1997 mx 000 0 spa u | ||
| 035 | _aUPN01000001271 | ||
| 049 | _aTES | ||
| 099 | _a12783 | ||
| 100 | 1 | _aTorres Toledo, José Luis | |
| 245 | 1 | 0 |
_aAgrupamiento y desagrupamiento en unidades, decenas, centenas, y unidades de millar / _cJosé Luis Torres Toledo. |
| 260 |
_aMéxico : _bJ. L. Torres Toledo, _c1997. |
||
| 300 |
_a65, [12] h. : _bil. |
||
| 500 | _a"Unidad 098" | ||
| 502 | _aPropuesta pedagógica (Lic. en Educación Primaria) -- Universidad Pedagógica Nacional, 1997 | ||
| 650 | 4 |
_aAritmética _xEstudio y enseñanza (Elemental) _95289 |
|
| 710 | 2 |
_aUniversidad Pedagógica Nacional (México). _bUnidad 098 |
|
| 905 | _aTesis | ||
| 999 |
_c1271 _d1271 |
||